|
|
|
|
| LEADER |
00000nam0a2200000 4500 |
| 001 |
364490 |
| 005 |
20231102011708.0 |
| 035 |
|
|
|a (RuTPU)RU\TPU\retro\21848
|
| 090 |
|
|
|a 364490
|
| 100 |
|
|
|a 20211117d1981 m y0rusy50 ca
|
| 101 |
0 |
|
|a rus
|
| 102 |
|
|
|a RU
|
| 105 |
|
|
|a a z 000zy
|
| 200 |
1 |
|
|a Учет затрат на производство в промышленности
|f П. П. Новиченко, И. М. Рендухов
|
| 210 |
|
|
|a Москва
|c Финансы и статистика
|d 1981
|
| 215 |
|
|
|a 144 с.
|c табл.
|
| 606 |
1 |
|
|a Затраты производства
|2 stltpush
|3 (RuTPU)RU\TPU\subj\36140
|9 57624
|
| 606 |
1 |
|
|a Издержки в промышленности
|2 stltpush
|3 (RuTPU)RU\TPU\subj\12224
|9 39050
|
| 610 |
1 |
|
|a затраты на производство
|
| 610 |
1 |
|
|a методика
|
| 610 |
1 |
|
|a калькуляция себестоимости
|
| 610 |
1 |
|
|a черная металлургия
|
| 610 |
1 |
|
|a энергетика
|
| 610 |
1 |
|
|a машиностроение
|
| 610 |
1 |
|
|a химическая промышленность
|
| 675 |
|
|
|a 657.47
|v 4
|
| 686 |
|
|
|a У012.14
|v LBC/SL-A
|2 rubbk
|
| 700 |
|
1 |
|a Новиченко
|b П. П.
|g Петр Парамонович
|
| 701 |
|
1 |
|a Рендухов
|b И. М.
|g Иван Максимович
|
| 801 |
|
1 |
|a RU
|b 63413507
|c 20211117
|
| 942 |
|
|
|c BK
|